000 00638nam a2200229 a 4500
001 2411
003 CO-ViMGA
008 141112s2004 ck r 000 u spa d
040 _aCO-ViMGA
_bspa
_cCO-ViMGA
082 _a530 Z151 10o.
100 1 _aZalamea Godoy,
_96192
245 1 0 _aFísica 1 :
_bgrado 10 /
_cZalamea Godoy Eduardo , Paris Roberto , Rodriguez Jairo Arbey
260 _aBogotá :
_bEducar,
_c1985
300 _a234 p
505 _aFísica 1, Grado 10
650 1 4 _aCALOR
_96193
650 1 4 _aDINAMICA
_96194
650 1 4 _aESTATICA
_96195
650 1 4 _aFISICA 10
_95296
650 1 4 _aVECTORES
_96196
942 _2ddc
_cBK
999 _c11321
_d11321